[Event "POL-chT 1st League 2020"]
[Site "Ustron"]
[Date "2020.09.10"]
[Round "6.26"]
[White "Lewtak, Damian"]
[Black "Jakubiec, Artur"]
[Result "1-0"]
[WhiteElo "2377"]
[BlackElo "2463"]
[Annotator "TA"]
[PlyCount "121"]
[EventDate "2020.09.05"]
[EventType "team-tourn"]
[EventCountry "POL"]
[SourceTitle "playchess.com"]
[Source "ChessBase"]
[SourceQuality "1"]

{[%evp 12,121,38,40,35,39,60,59,66,40,64,62,130,129,118,122,131,112,116,119,116,59,74,71,74,47,41,37,49,56,65,61,143,124,124,87,110,113,126,123,141,125,154,92,129,94,99,94,95,28,31,0,99,90,83,102,101,51,82,53,126,152,130,122,133,95,96,90,119,113,134,134,157,153,161,141,141,141,141,141,181,164,162,147,1093,1095,1089,806,1796,1223,1645,354,340,0,1778,1770,1770,1112,5622,5622,5161,4913,1538,916,716,709,709,709,5126,5097,29984,29985]} 1. e4 c5 2. Nf3 Nc6 3. Bb5 g6 4. Bxc6 dxc6 5. O-O Bg7 6. d3 e5 7. Be3 b6 {B31: Sicilian: 2...Nc6 3 Bb5 g6.} 8. a3 a5 9. Nbd2 a4 {[#] White is slightly better.} 10. b3 $146 ({Predecessor:} 10. Qb1 Nh6 11. Nxe5 Bxe5 12. Bxh6 Qh4 13. Nf3 Bxh2+ 14. Nxh2 Qxh6 15. b4 axb3 16. Qxb3 {½-½ (45) Borgo,G (2448)-Djuric,S (2517) Cutro 1999}) 10... axb3 11. Nxb3 Qc7 (11... Nf6 $14) 12. a4 $1 $16 Nf6 {[#]} 13. a5 $1 {[%mdl 512]} bxa5 14. Nfd2 (14. Bxc5 $6 a4 $14) 14... O-O 15. Ra4 {[%mdl 1024] White has strong compensation.} Ba6 16. c4 (16. Nxc5 $16 Rfb8 17. Nxa6 Rxa6 18. Qa1) 16... Bc8 17. Qc2 Nd7 18. Rfa1 f5 19. f3 f4 20. Bf2 g5 21. Nxc5 Nf6 (21... Nxc5 $14 22. Bxc5 Rd8) 22. Ncb3 g4 23. Bc5 Re8 24. Rxa5 Rxa5 25. Rxa5 Qf7 26. Ra8 Bf8 27. Bf2 ({White should play} 27. Bxf8 Qxf8 28. Qc3) 27... Qg6 28. fxg4 Bxg4 29. Rxe8 Nxe8 30. Kf1 (30. Bc5 $16) 30... Qh5 $1 $11 31. Kg1 Bd1 (31... Qg6 $1 $11) 32. Qc3 $16 Nf6 {White must now prevent ...Ng4.} 33. h3 Qg5 {Black wants to play ...f3.} 34. d4 Qg6 35. dxe5 Nxe4 (35... f3 $1 $14 36. g3 (36. Nxf3 $2 Nxe4 37. Qd3 Nxf2 $19) 36... Nxe4 37. Nxe4 Qxe4) 36. Nxe4 Qxe4 {[#]} 37. Nd2 $1 $36 {[%cal Rd2e4][%mdl 2048] Black is under strong pressure.} Qf5 38. c5 Bh5 {[#]} 39. Qd4 $1 Bg6 40. Qa4 Be8 41. Nf3 Be7 42. Kh2 Kf8 43. Qa2 Qe4 44. Qe6 Qg6 45. Qc8 Qc2 46. Bd4 Qg6 47. e6 Bh4 $2 {[%mdl 8192]} (47... h6 $16 48. Qc7 Qxe6 49. Qxf4+ Bf7) 48. Qc7 $18 ({Not} 48. Nxh4 Qg3+ 49. Kh1 Qe1+ 50. Bg1 Qxh4 $16) 48... Bg3+ 49. Kh1 Qb1+ 50. Ng1 {[%csl Gd4][%cal Rc7g7]} Qg6 51. Be5 $2 (51. Qd6+ Kg8 52. Qe7) 51... Bh4 52. Bd4 $2 (52. Bc3 Bf6 53. Qxf4) 52... Bg3 $1 {Strongly threatening ...f3.} 53. Qd6+ Kg8 54. Qe7 f3 55. Nxf3 Qb1+ 56. Ng1 {[%cal Re7e8]} Qg6 57. Bg7 {[%mdl 64] Deflection} Qxg7 58. Qxe8+ {[%mdl 64] Double Attack} Qf8 59. Qxc6 {Hoping for Qd7.} Bf2 60. Qd5 {Intending e7+ and mate.} Qxc5 61. Qd8+ {Accuracy: White = 71%, Black = 64%.} 1-0

[Event "POL-chT 1st League 2020"]
[Site "Ustron"]
[Date "2020.09.10"]
[Round "6.27"]
[White "Olsen, Filip Boe"]
[Black "Budrewicz, Krzysztof"]
[Result "1-0"]
[WhiteElo "2351"]
[BlackElo "2227"]
[Annotator "TA"]
[PlyCount "63"]
[EventDate "2020.09.05"]
[EventType "team-tourn"]
[EventCountry "POL"]
[SourceTitle "playchess.com"]
[Source "ChessBase"]
[SourceQuality "1"]

{[%evp 12,63,35,36,44,42,90,34,41,38,33,29,32,10,80,66,87,48,33,31,47,26,48,38,45,44,41,36,47,31,36,37,42,43,47,47,47,47,47,41,63,50,77,60,100,85,137,127,171,135,580,433,29998,29999]} 1. d4 Nf6 2. c4 g6 3. Nc3 Bg7 4. e4 O-O 5. h3 d6 6. Be3 c5 7. Nf3 Qa5 {E90: King's Indian: Classical: Early deviations and 6 h3.} 8. Bd3 Nc6 {[#]} 9. O-O (9. d5 $1 $16 {[%cal Rd5c6]} Ne5 10. Nxe5 dxe5 11. Qd2) 9... Nd7 $14 {[%cal Rc5d4] White is slightly better.} 10. Be2 e5 {[%cal Re5d4]} 11. dxc5 dxc5 12. Nd5 {[#]} f5 $146 (12... Qd8 $11 {keeps the balance.}) ({Predecessor:} 12... Qd8 13. Bg5 f6 14. Bh4 b6 15. Qd2 Bb7 16. Rfd1 Rf7 17. a3 Nf8 18. Qc3 Qe8 {0-1 (41) Popovics,A (2365)-Ivanisevic,I (2598) Hungary 2020}) 13. Ng5 {Hoping for Bd2.} Nf6 $1 14. Nxf6+ Bxf6 15. Qd5+ Kg7 16. exf5 gxf5 17. Ne6+ Bxe6 $1 18. Qxe6 f4 $1 {[%cal Rf4e3]} 19. Rad1 {And now Rd7+ would win.} Rad8 20. Rxd8 Rxd8 21. Bh5 {Intending Qf7+ and mate.} Rf8 22. Bc1 Qc7 23. Bf3 Nd4 24. Qg4+ Kh8 25. Bd5 Bg7 26. Kh1 b5 27. b3 {[%cal Bb2b3,Bb3c4][%mdl 32]} Rf6 28. Be4 bxc4 (28... a6 $142) 29. bxc4 $40 {[%mdl 128] White wants a kill.} Ra6 30. g3 {[%cal Rg3f4]} f3 $2 {[%mdl 8192] [#]} (30... Rf6 $16) 31. Qh5 $1 $18 {[%csl Ge4][%cal Rh5h7][%mdl 512]} h6 (31... Bf6 $18 32. Qe8+ Kg7) 32. Qe8+ {Accuracy: White = 86%, Black = 49%.} 1-0

[Event "POL-chT 1st League 2020"]
[Site "Ustron"]
[Date "2020.09.10"]
[Round "6.28"]
[White "Reza, Wojciech"]
[Black "Szoen, Dariusz"]
[Result "1-0"]
[WhiteElo "2273"]
[BlackElo "2407"]
[Annotator "TA"]
[PlyCount "79"]
[EventDate "2020.09.05"]
[EventType "team-tourn"]
[EventCountry "POL"]
[SourceTitle "playchess.com"]
[Source "ChessBase"]
[SourceQuality "1"]

{[%evp 19,79,10,16,11,47,46,46,35,49,37,39,30,94,82,210,215,221,192,758,767,836,835,798,493,443,444,491,316,321,310,304,298,273,264,342,306,359,307,299,286,319,321,456,319,544,538,725,581,546,331,339,265,429,410,404,339,434,443,568,560,541,521]} 1. d4 d6 2. e4 Nf6 3. Nc3 e5 4. Nf3 Nbd7 5. Bc4 Be7 6. O-O O-O 7. Re1 c6 8. a4 a5 9. h3 exd4 10. Nxd4 Nc5 11. b3 {C41: Philidor Defence.} Re8 {was the old line (11...Be6).} (11... Be6 $5) 12. Bb2 Bf8 {[%cal Rf6e4]} 13. Qf3 {White is slightly better.} Ncd7 14. Bf1 {[#]} Qb6 $146 ({Predecessor:} 14... Ne5 15. Qg3 Nh5 16. Qe3 Nf6 17. Rad1 g6 18. f4 Ned7 19. Qf2 Qc7 20. g4 Nc5 21. Bg2 Ra6 22. Kh1 Bg7 23. Ba3 Nfd7 24. Qd2 Qd8 25. Nde2 Qh4 {½-½ (25) De Firmian,N (2567)-Gulko,B (2643) Seattle 2000}) 15. Rad1 d5 (15... Ne5 $11 16. Qf4 Ng6) 16. Qg3 $16 {And now Nf5 would win.} dxe4 {[#]} (16... Nc5 $16 {was called for.}) 17. Nf5 $1 $18 {[%cal Rf5h6] Black must now prevent Nh6+.} g6 18. Nd6 Re6 $2 (18... e3 19. Rxe3 (19. Nxe8 exf2+ 20. Kh1 fxe1=N $14) 19... Rxe3 20. fxe3 Qc5) 19. Ncxe4 Bg7 20. Ng5 Nc5 21. Nxe6 Bxe6 22. Bd4 Nd5 23. Nc4 Qa7 {and the idea ...Bxd4 leaves Black hopeful.} 24. Bxg7 Kxg7 25. Qe5+ Kg8 26. Qd4 Nb4 27. Rd2 b6 28. Qh4 Qc7 29. Ne3 Nd5 30. Bc4 Nf4 (30... Nxe3 $142 31. Rxe3 b5) 31. Bxe6 Ncxe6 $2 {[#]} (31... Nfxe6 32. Nc4 b5 33. axb5 cxb5) 32. Ng4 h5 33. Nf6+ Kg7 34. Ne4 Qe5 35. Qg3 f5 $2 (35... Nc5) 36. Qc3 Qxc3 37. Rd7+ Kh6 38. Nxc3 {White is clearly winning.} Nc5 39. Rc7 Rd8 40. h4 {Black got outplayed after the opening. Accuracy: White = 67%, Black = 39%.} 1-0

[Event "POL-chT 1st League 2020"]
[Site "Ustron"]
[Date "2020.09.10"]
[Round "6.29"]
[White "Tymrakiewicz, Rafal"]
[Black "Renkowski, Piotr"]
[Result "0-1"]
[WhiteElo "2245"]
[BlackElo "2149"]
[Annotator "TA"]
[PlyCount "110"]
[EventDate "2020.09.05"]
[EventType "team-tourn"]
[EventCountry "POL"]
[SourceTitle "playchess.com"]
[Source "ChessBase"]
[SourceQuality "1"]

{[%evp 15,109,-4,-8,-6,0,0,0,0,0,3,0,0,0,-6,-16,-12,-11,-25,22,-39,-40,-51,-36,-87,-87,-159,-183,-176,-164,-168,-112,-100,-97,-101,-126,-127,-122,-137,-126,-193,-183,-177,-201,-193,-208,-221,-224,-264,-211,-204,-174,-201,-93,-285,-307,-366,-224,-222,-220,-234,-239,-396,-395,-420,-418,-440,-434,-417,-414,-575,-575,-570,-570,-612,-436,-1147,-1114,-1453,-1452,-1491,-1441,-1500,-1470,-1420,-1392,-29984,-29985,-29985,-29986,-29992,-29993,-29996,-29997,-29998,-29999,-29999]} 1. d4 d5 2. Bf4 Nf6 3. e3 e6 4. Nd2 c5 5. c3 Nc6 6. Ngf3 Bd6 7. Bg3 O-O 8. Bd3 b6 9. Qe2 {D02: 1 d4 d5 2 Nf3 sidelines, including 2...Nf6 3 g3 and 2...Nf6 3 Bf4.} Bb7 10. Rd1 Re8 11. Ne5 {The position is equal.} Qc7 {[%cal Rc6e5]} 12. f4 Ne7 13. O-O {[#]} Ne4 $146 ({Predecessor:} 13... Nf5 14. Bf2 c4 15. Bc2 b5 16. e4 dxe4 17. Nxe4 Nd5 18. Bg3 Nxg3 19. hxg3 f6 20. Nxd6 Qxd6 {1-0 (33) Irkilmez,Y (2230)-Traetmar,M (1811) Playchess.com INT 2020}) 14. Nxe4 dxe4 15. Bb5 Red8 $1 16. dxc5 Bxc5 17. Bh4 (17. Nxf7 $11 Bxe3+ 18. Qxe3) 17... Rxd1 $15 18. Rxd1 {And now Rd7 would win.} Nd5 {...Nxf4 is the strong threat.} 19. Bf2 (19. Kh1 $1 $15 a6 20. Bc4) 19... a6 $17 20. Ba4 (20. Bd7 $142) 20... b5 21. Bb3 f6 $1 $36 {[%mdl 2048] Black is on the roll.} 22. c4 {[#]} Nb6 ({Stronger than} 22... fxe5 23. cxd5 exd5 24. Rxd5 $16) (22... Nxf4 $1 $19 23. exf4 fxe5 24. cxb5 exf4 25. Bxe6+ Kh8) 23. cxb5 fxe5 24. Bxe6+ Kh8 25. f5 Be7 26. Bg3 Bf6 27. h4 (27. b4 $17) 27... axb5 28. Qxb5 {[#]} Ba6 $1 {[%cal Ra6b5]} 29. Qb4 Bd3 30. Kh2 h6 31. Bf2 Rb8 32. Qe1 Qc2 33. Rd2 Qb1 (33... Qc5 $19 {White must now prevent ...Nc4.} 34. Rd1 Nd5) 34. Rd1 $2 {This move loses the game for White.} (34. Qxb1 $17 Bxb1 35. Rd1) 34... Qxb2 $19 35. Kh3 Qe2 36. Qxe2 Bxe2 37. Rb1 h5 38. Rb3 $2 (38. Kh2) 38... Bg4+ 39. Kh2 {[#]} g6 $1 40. a4 {Now a5 and White clings on.} (40. fxg6 Bxe6) 40... Bxf5 41. Bd5 {If White can now play a5 this consolidates a bit.} Nd7 ({Not} 41... Nxd5 42. Rxb8+ Kg7 43. a5 $14) 42. Rc3 Be7 43. Bg3 Bd6 44. Rc6 Rb6 45. Rc2 (45. a5 $142 Rxc6 46. Bxc6) 45... Nf6 {Threatens to win with ...Ng4+.} 46. Ba2 Ng4+ 47. Kh1 {[#]} Be6 $1 {[%mdl 512]} 48. a5 (48. Bxe6 Rb1+) 48... Rb5 49. Be1 Bxa2 50. Rxa2 {[#]} Rb1 $1 {[%cal Rb1e1] Black mates.} 51. Re2 {[#]} Bb4 $1 52. a6 Bxe1 53. g3 Bf2+ {[%mdl 64] Discovered Attack} 54. Kg2 Rg1+ 55. Kh3 Rxg3# {Accuracy: White = 53%, Black = 78%.} 0-1

[Event "POL-chT 1st League 2020"]
[Site "Ustron"]
[Date "2020.09.10"]
[Round "6.30"]
[White "Dwilewicz, Katarzyna"]
[Black "Kubicka, Anna"]
[Result "0-1"]
[WhiteElo "2134"]
[BlackElo "2264"]
[Annotator "TA"]
[PlyCount "104"]
[EventDate "2020.09.05"]
[EventType "team-tourn"]
[EventCountry "POL"]
[SourceTitle "playchess.com"]
[Source "ChessBase"]
[SourceQuality "1"]

{[%evp 18,104,20,18,21,22,32,17,20,31,18,20,29,16,19,21,27,19,37,16,25,35,45,4,17,25,65,0,0,0,0,0,0,0,0,-12,-9,-15,0,0,4,0,0,-15,0,-1,-9,-12,-5,-10,4,4,4,0,4,0,0,-6,0,0,0,-89,0,0,0,0,0,0,0,0,0,0,0,0,0,-8,0,-29977,-29978,-29979,-29980,-29984,-29984,-29984,-29985,-29986,-29983,-29983,-29984]} 1. e4 c5 2. Nf3 d6 3. d4 cxd4 4. Nxd4 Nf6 5. Nc3 a6 6. a4 g6 7. Be2 Bg7 8. O-O O-O 9. Be3 Nc6 10. Qd2 Qc7 {B90: Sicilian Najdorf: Unusual White 6th moves, 6 Be3 Ng4 and 6 Be3 e5.} 11. Rfd1 Bd7 12. f3 {[#]} Nxd4 $146 {The position is equal.} ({Predecessor:} 12... Rfc8 13. Bf1 Nxd4 14. Bxd4 Be6 15. Kh1 Qa5 16. Bxf6 Bxf6 17. Nd5 Qxd2 18. Nxf6+ Kg7 {½-½ (40) Palac,M (2583)-Najer,E (2682) Kallithea 2008}) 13. Bxd4 Be6 14. a5 Nd7 15. Bxg7 Kxg7 16. Nd5 Bxd5 $1 17. exd5 Rac8 18. c3 Nc5 {[#] ...Nb3 is the strong threat.} 19. Ra3 Kg8 20. h4 Nd7 21. h5 Qc5+ 22. Qd4 (22. Kf1 $1 $14) 22... gxh5 $11 23. b4 (23. Qf2 {is more complex.} Qxf2+ 24. Kxf2 Rc7 25. c4 Rb8 26. b3) 23... Qxd4+ 24. Rxd4 Nf6 25. f4 Rc7 26. c4 Rb8 27. Rc3 Rbc8 28. Kf2 Kg7 29. Ke3 Rb8 30. Rd1 b6 31. axb6 Rxb6 32. Rb3 Rcb7 33. Rdb1 $1 Kg6 34. Bd3+ Kh6 35. Kd4 Rb8 36. Be2 Kg7 37. Bd1 Kf8 38. g3 Ke8 39. c5 (39. Bc2 $11 {remains equal.}) 39... dxc5+ (39... Rb5 $17 40. Bc2 Kf8) 40. bxc5 Rxb3 41. Rxb3 ({Of course not} 41. Bxb3 Rb4+ 42. Kd3 Ne4 $17) 41... Rxb3 42. Bxb3 $17 {[%mdl 4096] Endgame KB-KN} Kd7 43. Bc2 h6 44. Bd1 a5 45. Bf3 Kc7 46. Kc4 Ng4 47. Bxg4 $2 {[%mdl 8192] [#]} (47. Kb5 $11) 47... hxg4 $11 {KP-KP. Black mates.} 48. f5 f6 49. d6+ exd6 50. Kd5 dxc5 51. Ke6 c4 52. Kxf6 c3 {Accuracy: White = 88%, Black = 94%.} 0-1

[Event "POL-chT 1st League 2020"]
[Site "Ustron"]
[Date "2020.09.11"]
[Round "7.1"]
[White "Plichta, Kamil"]
[Black "Kolago, Marcin"]
[Result "1-0"]
[WhiteElo "2383"]
[BlackElo "2342"]
[Annotator "TA"]
[PlyCount "63"]
[EventDate "2020.09.05"]
[EventType "team-tourn"]
[EventCountry "POL"]
[SourceTitle "playchess.com"]
[Source "ChessBase"]
[SourceQuality "1"]
[WhiteTeam "Gostmat Gostynin"]
[BlackTeam "SSz Gminy Pawlowice"]

{[%evp 12,63,16,20,61,37,41,16,29,10,39,35,35,39,39,29,32,41,34,32,42,39,39,24,12,17,13,14,14,0,0,6,17,3,10,0,67,60,75,63,69,60,89,68,75,63,82,75,87,49,1098,1015,1010,832]} 1. d4 d5 2. c4 e6 3. Nc3 Nf6 4. cxd5 exd5 5. Bg5 c6 6. e3 Bd6 7. Bd3 Be6 {D35: Queen's Gambit Declined: Exchange Variation.} 8. Nge2 Nbd7 9. Nf4 {[#]} Qe7 $146 {The position is equal.} ({Predecessor:} 9... Qc7 10. Nxe6 fxe6 11. f4 O-O-O 12. Qa4 Qb6 13. Rb1 h6 14. Bxf6 Nxf6 15. b4 g5 {½-½ (43) Hercog,N (2058)-Siraj,V (1372) Ptuj 2017}) 10. Nh5 Qf8 11. Bxf6 Nxf6 12. Nxf6+ gxf6 13. Qb3 O-O-O 14. O-O-O Qg7 15. g3 Qg4 16. Rd2 Kb8 17. Kb1 c5 {[#] Strongly threatening ...c4.} 18. Ba6 {[%csl Ga6][%cal Rb3b7]} Rd7 {And now ...c4 would win.} 19. Be2 Qf5+ 20. Qc2 cxd4 21. exd4 Qh3 ({Reject} 21... Qxf2 $6 22. Bb5 $16) 22. Bf1 $36 {[%mdl 2048] White fights for an advantage.} Qh5 23. Qd1 Qf5+ (23... Qxd1+ $11 24. Rxd1 Bb4) 24. Bd3 $14 Qh3 25. Qf3 Qh6 26. Rc2 Be7 27. Na4 {[%cal Bc3a4,Ba4c5,Bc5e6][%mdl 32]} Rc8 28. Nc5 Rdc7 {[%cal Re7c5]} 29. Rhc1 Ka8 30. h4 b6 $2 {[%mdl 8192] [#]} (30... f5 $14) 31. Nxe6 $18 Qxc1+ 32. Kxc1 {Accuracy: White = 90%, Black = 69%.} 1-0

[Event "POL-chT 1st League 2020"]
[Site "Ustron"]
[Date "2020.09.11"]
[Round "7.3"]
[White "Budrewicz, Krzysztof"]
[Black "Zezulkin, Jurij"]
[Result "1-0"]
[WhiteElo "2227"]
[BlackElo "2410"]
[Annotator "TA"]
[PlyCount "49"]
[EventDate "2020.09.05"]
[EventType "team-tourn"]
[EventCountry "POL"]
[SourceTitle "playchess.com"]
[Source "ChessBase"]
[SourceQuality "1"]
[WhiteTeam "Gostmat Gostynin"]
[BlackTeam "SSz Gminy Pawlowice"]

{[%evp 9,49,0,43,49,41,43,44,53,55,34,36,-47,-43,-35,0,7,61,25,29,11,37,35,51,21,34,36,171,170,273,256,264,283,266,253,239,252,272,274,263,212,435,417]} 1. d4 Nf6 2. c4 g6 3. Nc3 d5 4. Nf3 Bg7 5. h4 h6 6. cxd5 {D90: Grünfeld: 4 Nf3 Bg7 sidelines.} Nxd5 7. e4 Nxc3 8. bxc3 {White is slightly better.} c5 9. Be3 Qa5 {[#]} 10. Be2 $146 ({White should play} 10. Qd2 $14) ({Predecessor:} 10. Qd2 Nd7 11. Bd3 e5 12. d5 f5 13. c4 Qxd2+ 14. Bxd2 Nf6 15. Nh2 fxe4 16. Bc2 {1-0 (38) Fridman,D (2635)-Kantans,T (2487) Neustadt an der Weinstrasse 2018}) 10... cxd4 $1 $15 11. Nxd4 Nc6 12. O-O Bd7 ({Black should try} 12... O-O $11) 13. Qb3 Rb8 14. h5 g5 15. f4 {And now Bg4! would win.} gxf4 16. Nxc6 (16. Rxf4 {with more complications.} O-O 17. Raf1 Ne5 18. Nf5 Bxf5 19. exf5 Rbc8 20. c4) 16... Bxc6 17. Rxf4 e6 {This move loses the game for Black.} (17... O-O $1 $14) 18. Raf1 $40 {[%mdl 128] White has strong attack.} Qxc3 (18... O-O {might work better.}) 19. Rxf7 Qxb3 20. axb3 Bf8 21. R7f6 ({But not} 21. Bxa7 $6 Ra8 $16) 21... Bd7 22. Bxa7 Ra8 23. Be3 Ra2 24. R1f2 b5 $2 {[#]} (24... Ra1+ 25. Kh2 Ra5) 25. Rxe6+ $1 {[%mdl 512] Accuracy: White = 70%, Black = 57%.} 1-0

[Event "POL-chT 1st League 2020"]
[Site "Ustron"]
[Date "2020.09.11"]
[Round "7.4"]
[White "Rawicz, Karol"]
[Black "Reza, Wojciech"]
[Result "0-1"]
[WhiteElo "2225"]
[BlackElo "2273"]
[Annotator "TA"]
[PlyCount "90"]
[EventDate "2020.09.05"]
[EventType "team-tourn"]
[EventCountry "POL"]
[SourceTitle "playchess.com"]
[Source "ChessBase"]
[SourceQuality "1"]
[WhiteTeam "SSz Gminy Pawlowice"]
[BlackTeam "Gostmat Gostynin"]

{[%evp 10,90,24,22,29,27,29,24,22,32,46,50,66,19,54,45,64,29,76,68,64,0,0,0,12,0,12,0,0,5,16,0,66,40,39,27,52,43,64,14,95,26,61,12,27,31,31,28,26,21,33,29,45,44,93,93,171,155,163,157,367,356,558,557,506,0,0,0,0,-29,-33,-117,-106,-161,-48,-61,-47,-469,-467,-598,-581,-675,-456]} 1. d4 Nf6 2. c4 e6 3. Nc3 Bb4 4. Qc2 d6 5. Nf3 Nbd7 6. e3 O-O {E32: Nimzo-Indian: Classical (4 Qc2): 4...0-0.} 7. Be2 e5 {[#]} 8. a3 $146 ({Predecessor:} 8. O-O Re8 9. dxe5 dxe5 10. Rd1 c6 11. a3 Bf8 12. Ng5 Qc7 13. b4 h6 14. Nge4 {½-½ (43) Lajthajm,B (2464)-Abramovic,B (2507) Pancevo 2006}) 8... Bxc3+ $1 {White has an edge.} 9. Qxc3 exd4 10. Nxd4 c5 11. Nf3 d5 12. O-O Qe7 13. b3 Ne4 {[#]} 14. Qc2 $1 dxc4 15. bxc4 (15. Bxc4 $14 Ndf6 16. Bd3) 15... b6 $11 16. Bb2 Bb7 17. Rad1 Rfd8 18. Rd3 Ndf6 19. Ne5 Nd6 20. f3 Nfe8 ({Better is} 20... Nd7 $1 $11 21. Ng4 (21. Nxd7 Rxd7 22. e4 f6 $11) 21... f5) 21. Rfd1 f6 22. Ng4 Nf7 23. e4 Ned6 24. Qc3 Qe6 (24... Nf5 $11) 25. Bf1 (25. Nxf6+ $16 gxf6 26. Qxf6 Qxf6 27. Bxf6) 25... Bc6 26. h4 (26. Qe1 {is interesting.} Nxe4 27. Nxf6+ gxf6 28. fxe4 Rxd3 29. Bxd3 Qg4 30. Bxf6 Ng5 31. Bxg5 Qxg5 32. Bc2) 26... Ba4 (26... Nxe4 {keeps more tension.} 27. Qe1 Rxd3 28. Bxd3 Re8 29. Bxe4 Bxe4 30. Qxe4 Qxe4 31. fxe4 Rxe4 32. Nf2 Rxc4 33. Rd7 Rc2) 27. Re1 h5 28. Ne3 Ne5 29. Rd5 Bc6 30. Rd2 Ng6 31. Nd5 Rac8 32. g3 Qe5 (32... Ne5 $16 {keeps fighting.}) 33. f4 $18 Qxc3 34. Bxc3 Kf7 $2 {[#]} (34... Ra8 $16 35. Nxf6+ gxf6) 35. e5 $1 Nb5 (35... Nf5 {was worth a try.} 36. Bh3 (36. exf6 Bxd5 37. cxd5 gxf6 $16) 36... Nd4 37. Bxd4 cxd4 38. Bxc8 Rxc8 39. exf6 gxf6 40. Rxd4 Rd8) 36. cxb5 Bxd5 37. Rxd5 $2 (37. exf6 $18 gxf6 38. Bh3) 37... Rxd5 $11 38. Bc4 Rcd8 39. f5 Ne7 40. exf6 (40. Rf1 $1 $15) 40... gxf6 $17 41. Re6 (41. Rd1 $17) 41... Nxf5 (41... Rxf5 $19 {Threatens to win with ...Nd5.} 42. Rxf6+ Ke8) 42. Rxf6+ $15 Ke7 {Hoping for ...Rd1+.} 43. Rg6 $2 {[%mdl 8192]} ({White has to play} 43. Bxd5 $15 Rxd5 44. Rg6) 43... Rd1+ $19 {Black is clearly winning.} 44. Kh2 {intending Bf6+.} R8d6 45. Rg5 Rc1 {What a bad dream for White. Accuracy: White = 56%, Black = 57%.} 0-1

[Event "POL-chT 1st League 2020"]
[Site "Ustron"]
[Date "2020.09.11"]
[Round "7.5"]
[White "Renkowski, Piotr"]
[Black "Klepek, Witold"]
[Result "1-0"]
[WhiteElo "2149"]
[BlackElo "2159"]
[Annotator "TA"]
[PlyCount "89"]
[EventDate "2020.09.05"]
[EventType "team-tourn"]
[EventCountry "POL"]
[SourceTitle "playchess.com"]
[Source "ChessBase"]
[SourceQuality "1"]
[WhiteTeam "Gostmat Gostynin"]
[BlackTeam "SSz Gminy Pawlowice"]

{[%evp 16,89,16,2,32,22,25,36,24,30,25,25,32,25,27,-42,-57,-67,166,164,161,52,299,-72,-80,-87,-64,-62,-47,-36,-12,-20,-19,-16,17,11,167,158,170,166,157,158,308,311,502,498,494,494,489,466,608,595,560,525,616,600,799,741,5716,5096,1489,1397,12825,29951,12812,12826,29965,29968,29976,29977,29982,29983,29984,29985,29986,29985]} 1. e4 e6 2. d4 d5 3. e5 c5 4. c3 Nc6 5. Nf3 Bd7 6. Be2 Nge7 7. Na3 cxd4 8. cxd4 Ng6 9. Nc2 Be7 {C02: French: Advance Variation.} 10. Bd3 O-O 11. h4 f6 {White is slightly better.} 12. exf6 Bxf6 13. Ng5 Bxg5 $1 14. hxg5 {Black must now prevent Qh5.} e5 $1 {[#]} 15. Qh5 $146 (15. Bxg6 $11 hxg6 16. dxe5) ({Predecessor:} 15. Bxg6 hxg6 16. dxe5 Bf5 17. Be3 Qa5+ 18. b4 Qb5 19. Bc5 Nxe5 20. Qxd5+ Rf7 21. O-O-O {0-1 (51) Houska,J (2375)-Cioara,A (2373) Naujac 2004}) 15... e4 $15 16. Be2 $1 (16. Qxh7+ $2 Kf7 $19) 16... Bf5 $2 (16... Rc8 $15 {keeps the upper hand.}) 17. g4 $1 $18 (17. Qxh7+ Kf7 $11) 17... Be6 18. Bd2 (18. Qxh7+ Kf7 $17) (18. f4 $1 $18 {[%cal Rf4f5]} exf3 19. Qxh7+ Kf7 20. Rf1) 18... Rc8 $2 ({Black should play} 18... Qd6 $14) 19. Bc3 $2 ({Worse is} 19. Qxh7+ Kf7 $15) (19. f4 $1 $18 exf3 20. Qxh7+ Kf7 21. O-O) 19... Nf4 $36 {[%mdl 2048] Black has strong initiative.} 20. Qxh7+ Kf7 21. Bd2 Ng6 22. Qh2 ({Avoid the trap} 22. Rh6 $2 Nce7 $19) 22... Rh8 23. Qg2 {next f4 is good for White.} Rxh1+ 24. Qxh1 Qh8 25. Qh5 Nce5 $2 {White leaves nothing to chance now.} (25... Qd8 $11 {and Black is okay.}) 26. dxe5 $18 Rxc2 {[#]} 27. Qxh8 $1 Nxh8 {[#]} 28. Bc3 $1 d4 (28... Ng6 $16 {is a better defense.}) 29. Bd1 ({Not} 29. Bxd4 Ng6 $16) 29... Rxc3 $2 (29... d3 30. Bxc2 dxc2) 30. bxc3 dxc3 {[%mdl 4096] Endgame KRB-KBN} 31. Bb3 Ng6 32. Rc1 Bxb3 33. axb3 Nxe5 {...Nd3+ is the strong threat.} 34. Rxc3 {KR-KN} Kg6 35. Rc7 b5 36. Rxa7 Kxg5 37. Rxg7+ Kf4 38. Ke2 Nd3 39. Rf7+ Kxg4 40. Ke3 Nc5 41. Rf4+ {White mates.} Kg5 42. Rxe4 Nxb3 {[#]} 43. Rb4 $1 Na1 44. Rxb5+ Kf6 45. Rb2 {Accuracy: White = 82%, Black = 33%.} 1-0